000 01425nam a22002057a 4500
999 _c60411
_d60411
003 Ge_BSU
005 20230713113325.0
008 230713s2014ge xxu||||| |||| 00| 0 geo d
041 _ageo
080 _a929:75''19'' თ-84
100 _aთუმანიშვილი, დიმიტრი. (ავტორი).
_919297
245 _aვახტანგ ბერიძე 100 /
_cდიმიტრი თუმანიშვილი, მარიამ დიდებულიძე;
264 _aთბილისი :
_bსაქართველოს მეცნიერებათა ეროვნული აკადემია
_c2014.
300 _a 56 გვ.:
_b18 სმ.
653 _aბერიძე, ვახტანგ
653 _aქართველი არქიტექტორები. აკადემიკოსი ვახტანგ ბერიძე.
700 _aდიდებულიძე, მარიამ
_eავტორი.
_919298
710 _aსაქართველოს მეცნიერებათა ეროვნული აკადემია, გ.ჩუბინაშვილის სახ. ქართული ხელოვნების ისტორიისა და ძეგლთა დაცვის ეროვნული კვლევის ცენტრი.
_919299
942 _2udc
_cBK